000 00345 a2200157 4500
001 72710
020 _a
040 _cAnchieta - Colégio São Paulo
100 _aTenaille, Marie
240 1 0 _aA avó feiticeira
_lpor
245 1 0 _aA avó feiticeira
300 _a21
362 0 _a1983
650 4 _aLiteratura infanto-juvenil
942 _cBK
999 _c72710
_d72710